000 00682nam a22002057a 4500
008 250624b |||||||| |||| 00| 0 eng d
020 _a9780198764588
040 _aCUZ
_beng
_crda
_dCUZ
_erda
050 _aKD1819.G57GIR
100 _aStephen Girvin
245 _aCarriage of goods by sea
_cby Stephen Girvin
264 _aNew York
_bOxford University press
_c©20047
300 _aextent Ixxviii ,688pages
336 _atext
_btxt
337 _aunmediated
_bn
338 _2rdacarrier
500 _aincludes index
650 _a Law 
_aLaw of the United Kingdom and Ireland 
_a Law of England and Wales 
942 _cOS
_i1819.G57GIR
_kKD
999 _c45173
_d45173